000 01181nam a2200325Ia 4500
003 OSt
005 20221006155718.0
006 a|||||r|||| 00| 0
007 ta
008 221006b |||||||| |||| 00| 0 eng d
020 _a9780691154602
_c
_39.50
024 _a43,247
037 _b155/2012-13, 08/01/2013, Pioneer Book Distributor
_cTextual
040 _aEASL
_cEASL
_beng
041 _2eng
_aeng
082 _aW.41.PO9, Q3
100 _aQing Jiang
_9670104
245 0 _aConfucian constitutional order
_b How China's ancient past can shape its political future
260 _aPrinceton
_bPrinceton University Press U.K.
_c2013
300 _a264p.
_ccm.
490 _aThe Princeton - China Series
650 _a China - Politics and government - Philosophy
_9670105
650 _a Confucianism and state - China
_9670106
650 _aCEL
700 _a Bell Daniel A. Ed.
_9454236
700 _a Fan Ruiping Ed.
_9670107
700 _a Ryden Edmund Tr.
_9670108
942 _hW.41.PO9, Q3
_cTEXL
_2CC
999 _c1111333
_d1111333